Társadalomkutatás, utak, különutak
Elmentve itt :
| Szerző: | |
|---|---|
| Adatforrás: | Meister |
| Forrásdokumentuma: | A Hét. - 7 sz., 1996, 5 p. |
| Nyelv: | magyar |
| Kulcsszavak: | antropológia tudományos intézmények elit magyarok (romániai) BÍRÓ A. Zoltán GAGYI József TÚRÓS Endre BODÓ Julianna OLÁH Sándor KAM-Regionális és Antropológiai Kutatások Központja |
| LEADER | 00645nab a2200229 i 4500 | ||
|---|---|---|---|
| 001 | bibPRO00006000 | ||
| 008 | 060524s1996 xx hun | ||
| 040 | |a Sz1 | ||
| 041 | |a hun | ||
| 100 | 1 | |a GÁLL Ernő | |
| 245 | 1 | 0 | |a Társadalomkutatás, utak, különutak |c GÁLL Ernő |
| 695 | |a antropológia | ||
| 695 | |a tudományos intézmények | ||
| 695 | |a elit | ||
| 695 | |a magyarok (romániai) | ||
| 695 | |a BÍRÓ A. Zoltán | ||
| 695 | |a GAGYI József | ||
| 695 | |a TÚRÓS Endre | ||
| 695 | |a BODÓ Julianna | ||
| 695 | |a OLÁH Sándor | ||
| 695 | |a KAM-Regionális és Antropológiai Kutatások Központja | ||
| 773 | 0 | |t A Hét. - |g 7 sz., 1996, 5 p. | |